000 00673cam a22002294a 4500
008
020 _a9780884152873 (pbk.)
049 _aMAIN
090 _aTS191.3
_bPAG
100 1 _aPage, John S.
245 1 0 _aEstimator's equipment installation man-hour manual /
_cJohn S. Page.
250 _a3rd ed.
260 _aHouston :
_bGulf Publishing Co.,
_cc1999.
300 _axix, 212 p. ;
_c24 cm.
500 _aChiefly tables.
650 0 _aIndustrial equipment
_xInstallation
_xEstimates.
907 _a.b10318690
_b21-09-12
_c21-09-12
003
005 20230123125449.0
040 _cNUST
942 _cBOOKS
_kTS191.3
_mPAG
999 _c141953
_d141953